| 000 | 00723nam a2200265Ia 4500 | ||
|---|---|---|---|
| 001 | Para_3343 | ||
| 003 | CHAP | ||
| 008 | 220125s1982 xx 000 0 und d | ||
| 010 | _a201900 | ||
| 040 | _cCHAP | ||
| 082 | _aPA 595.7 R35 | ||
| 100 |
_aRamos Elorduy de Conconi, Julieta _994410 |
||
| 245 |
_aLos insectos como fuente de proteinas en el futuro / _c Julieta Ramos Elorduy de Conconi |
||
| 260 |
_a[México] : _b Limusa |
||
| 300 | _a144 p. | ||
| 503 | _aC/e (ej.1) | ||
| 650 |
_aInsectos como alimento _958954 |
||
| 901 | _aPA 595.7 R35 | ||
| 902 | _aM | ||
| 905 | _a0000001982 [MEa 0000000000 00 | ||
| 910 | _a1982 | ||
| 942 | _cPARA | ||
| 942 |
_cPARA _d1 |
||
| 999 |
_c201900 _d201900 |
||